Wild bells to the wild sky / (Registro nro. 14173)

Detalles MARC
000 -LIDER
fixed length control field 00573cam a2200217 a 4500
001 - NÚMERO DE CONTROL
Identificador de número de control
003 - IDENTIFICACDOR DE NÚMERO DE CONTROL
control field DO-SdBNP
005 - DATE AND TIME OF LATEST TRANSACTION
control field 20220428113421.0
008 - ELEMENTOS DE LONGITUD FIJA
fixed length control field 220428b1983 nyu |||||||| |||| 00| 0 eng d
040 ## - FUENTE DE CATALOGACIÓN
Agencia que crea de manera original el registro BPMSU
Idioma de catalogación spa
Agencia que realiza la transcripción BPMSU
041 17 - CÓDIGOS DE OBRAS TRADUCIDAS O EN VARIOS IDIOMAS
Código del idioma del texto/archivo de sonido o separata eng
082 ## - NÚMERO DE CLASIFICACIÓN DECIMAL DE DEWEY
Classification number 813
Item number M478w 1983
Edition number 22
100 1# - ASIENTO PRINCIPAL -- NOMBRE PERSONAL
Nombre personal McBain, Laurie.
Fechas asociadas con el nombre 1949-
245 10 - MENCIÓN DE TITULO
Título Wild bells to the wild sky /
Mención de responsabilidad Laurie McBain
260 ## - PUBLICACIÓN, DISTRIBUCIÓN, ETC. (PIE DE IMPRENTA)
Lugar de publicación, distribución, etc New York, N.Y. :
Nombre del editor, distribuidor, etc. Avon,
Fecha de publicación, distribución, etc 1983.
300 ## - DESCRIPCIÓN FÍSICA
Extensión 505 p. :
Dimensiones 23 cm.
590 ## - NOTA LOCAL
Enlace Inventariado, 2022/VM
650 #4 - ENCABEZAMIENTO DE MATERIA--TEMÁTICO
Término temático o nombre geográfico como elemento de entrada Novela estadounidense
910 ## - VALIDACIÓN
Validación VMateo V.
942 ## - ADDED ENTRY ELEMENTS (KOHA)
Source of classification or shelving scheme Dewey Decimal Classification
Koha item type Libros
Existencias
Withdrawn status Lost status Source of classification or shelving scheme Damaged status Not for loan Collection code Home library Current library Date acquired Total Checkouts Full call number Barcode Date last seen Price effective from Koha item type
    Dewey Decimal Classification     Colección General Biblioteca Pública Metropolitana Salomé Ureña Biblioteca Pública Metropolitana Salomé Ureña 04/28/2022   BPMSU CG 813 M478w 1983 BPMSU22040052 04/28/2022 04/28/2022 Libros